UBT Library

N-nitroso compounds / (Record no. 40291)

000 -LEADER
fixed length control field 00587cam a2200217 a 4500
001 - CONTROL NUMBER
control field 2788570
005 - DATE AND TIME OF LATEST TRANSACTION
control field 20180115075116.0
008 - FIXED-LENGTH DATA ELEMENTS--GENERAL INFORMATION
fixed length control field 811020s1981 dcua b 101 0 eng
010 ## - LIBRARY OF CONGRESS CONTROL NUMBER
LC control number 81019047
020 ## - INTERNATIONAL STANDARD BOOK NUMBER
International Standard Book Number 0841206678
040 ## - CATALOGING SOURCE
Original cataloging agency DLC
Transcribing agency DLC
Modifying agency DLC
041 ## - LANGUAGE CODE
Language code of text/sound track or separate title eng
080 ## - UNIVERSAL DECIMAL CLASSIFICATION NUMBER
Universal Decimal Classification number 616.994
082 00 - DEWEY DECIMAL CLASSIFICATION NUMBER
Classification number 616.994 SCA
Edition number 19
100 ## - Rafti
Rafti 12
101 ## - Shkurtesa
Shkurtesa KIM
245 00 - TITLE STATEMENT
Title N-nitroso compounds /
Statement of responsibility, etc Richard A. Scanlan, editor, Steven R. Tannenbaum, editor.
504 ## - BIBLIOGRAPHY, ETC. NOTE
Bibliography, etc Includes bibliographies and index.
906 ## - LOCAL DATA ELEMENT F, LDF (RLIN)
a 7
b cbc
c orignew
d 1
e ocip
f 19
g y-gencatlg
942 ## - ADDED ENTRY ELEMENTS (KOHA)
Source of classification or shelving scheme
Item type Books
Holdings
Withdrawn status Lost status Source of classification or shelving scheme Damaged status Not for loan Collection code Permanent location Current location Shelving location Date acquired Total Checkouts Full call number Barcode Date last seen Price effective from Koha item type
          Koleksioni i përgjithshem UBT - Lipjan UBT - Lipjan Koleksioni i përgjithshem 01/15/2018   616.994 SCA 002-2995427 01/15/2018 01/15/2018 Books
UBT Library © 2015-2024. All rights reserved University Education for Business and Technology